000 01043nam a2200253Ia 4500
999 _c40421
_d40421
001 7029
003 GE_BSU
005 20231110112513.0
008 181216s2011||||ge |||||||||||||| ||geo||
020 _a9789941132001
040 _cGE_BSU
041 _ageo
080 _a631.4(076.6) უ-62
100 _aურუშაძე, თენგიზ
_920314
245 _aპრაქტიკუმი ნიადაგმცოდნეობაში /
_cთენგიზ ურუშაძე, ლია მაჭავარიანი ; რედ. ვლადიმერ ცანავა.
260 _a.
264 _aთბილისი :
_bუნ-ტის გამ-ბა,
_c2011.
300 _a127გვ. :
_bცხრ. ;
_c20 სმ.
541 _h12ლ.
653 _aნიადაგმცოდნეობა
700 _aმაჭავარიანი, ლია
_eავტორი
_96752
700 _aცანავა, ვლადიმერ
_eრედაქტორი
_920315
942 _cBK
_2udc